2000 1697 1951 1287 1142 1125 1216 1463 1012 1732 1576 1731 1513 1902 1420 1999 1132 1129 1384 1233 1965 1280 1739 1850 1322 1364 1669 1959 1553 1521 1352 1392 1213 1568 1940 1124 1159 1085 1148 1651 1516 1369 1109 1366 1187 1635 1405 1025 1549 1217 1395 1392 1747 1453 1411 1366 1118 1110 1063 1889 1363 1792 1551 1387 1410 1587 1946 1359 1456 1588 1916 1794 1691 1260 1381 1004 1674 1513 1613 1324 1504 1828 1891 1143 1999 1213 1686 1948 1912 1130 1358 1036 1932 1256 1449 1566 1491 1403 1580 BCNSPRNW ULIB Ver.6.0+V

เปลี่ยนเป็นภาษาไทย

Change to English
 แสดงรายละเอียดบรรณานุกรม
  กลับหน้าหลัก

Brief Record : Get Marc (ISO 2709) : E-mail record : QR code < ปิดหน้าต่าง
LEADER : 00000nam 2200000uu 4500
001    13399122266
003     ULIB
008    130121s2555||||th 000 0 tha d
020    ^a9786167004501
050 04 ^aTT873.2^bอ525บ
100 0  ^aอัญชลี จรรยารยชน
245 10 ^aบายศรี /^cอัญชลี จรรยารยชน
250    ^aพิมพ์ครั้งที่ 1
260    ^aกรุงเทพฯ :^bเพชรการเรือน,^c2555
300    ^a168 หน้า :^bภาพประกอบสี
650  7 ^aการประดิษฐ์ด้วยใบตอง
650  7 ^aบายศรี
945    ^p250^l0^i19773
995    ^aทศพร
999    ^aทศพร เกษรทอง
รายการนี้ยังไม่มีแท็ก
คุณยังไม่ได้ล็อกอิน คุณสามารถมีกิจกรรมร่วมกับเว็บไซต์ได้ แต่ต้องล็อกอินก่อน ::
  ล็อกอิน

รายการสื่อสารสนเทศ

ลำดับที่ ประเภท เลขเรียก/บาร์โค้ด สถานที่ สถานะ
1. การศึกษาทั่วไป
การศึกษาทั่วไป
TT873.2 อ525บ ฉ.1 
  Barcode: 19773
ห้องสมุดวิทยาเขตสวรรค์ประชารักษ์
►หนังสือทั่วไป
บนชั้น

รายการใกล้เคียง
    ผู้แต่ง [อัญชลี จรรยารยชน]

    หัวเรื่อง [การประดิษฐ์ด้วยใบตอง]
    หัวเรื่อง [บายศรี]

BibComment


ยังไม่เคยถูกคอมเมนท์

คอมเมนท์ทรัพยากรรายการนี้
  คอมเมนท์: บายศรี อัญชลี จ..


 Copyright 2026. Bcnsprnw @Library